000 01295nam a2200325 4500
001 45126
003 DO-SdBNP
005 20240711093032.0
007 45126
008 160922b2010 mx ||| |||| 00| 0 spa d
020 _a9685146330
040 _aBPMSU
_bspa
_cBPMS
082 4 _a833.7
_bG864m 2010
_222
100 1 _aGrimm, Jacob Ludwig Karl
_c1785-1863.
245 1 4 _aLos mejores cuentos de los hermanos Grimm /
_cJacobo y Guillermo Grimm.
260 _aMéxico :
_bEdiciones Leyenda,
_c2010
300 _a155 p. :
_bil.;
_c23 cm.
490 0 _aClásicos
500 _aIncluye datos biográficos del autor en la solapa de la cubierta
505 0 _tCuatro hemanitos listos.--
_tCaperucita roja.--
_tEl patito de oro.--
_tEl muchacho que nunca tembló.--
_tHénsel y Grétel.--
_tPulgarcito.--
_tJuan de hierro.--
_tLa bella durmiente.--
_tLos siete cabritos y el lobo.--
_tJuan listo.--
_tEl pescador y su mujer.--
_tLa serpiente blanca.--
_tEl agua de la vida.--
_tLa pastora de gansos.--
_tBlancanieves.--
_tEl ahijado de la muerte.
590 _aInventariado, 2024/VM
650 4 _aCuentos juveniles alemanes
650 4 _aLiteratura juvenil alemana
650 _a
650 _a
650 _a
650 _a
910 _aVMateo V. Control de calidad. BPMSU
942 _2ddc
_cBK
999 _c14728
_d14728